00241nam a2200085Ia 450000100070000000500170000700800410002424500490006526000410011468324920250826161434.0250824s9999 xx 000 0 und d 0aKİMİ SEVSEN SENSİN cATTİLA İLHAN  bTÜRKİYE İŞ BANKASI YAYINLARI